Les jeux des animaux / (Record no. 76275)

MARC details
000 -LEADER
campo de control de longitud fija 00809nam a2200229 i 4500
001 - NÚMERO DE CONTROL
campo de control 76275
003 - IDENTIFICADOR DE NÚMERO DE CONTROL
campo de control ES-MaACL
005 - FECHA Y HORA DE LA ÚLTIMA TRANSACCIÓN
campo de control 20260130141914.0
007 - CAMPO FIJO DE DESCRIPCIÓN FÍSICA--INFORMACIÓN GENERAL
campo de control de longitud fija t|
008 - DATOS DE LONGITUD FIJA--INFORMACIÓN GENERAL
campo de control de longitud fija 040930s1902 fr ||||1| fre d
100 1# - ENTRADA PRINCIPAL--NOMBRE DE PERSONA
Nombre de persona Groos, Karl,
Fechas asociadas al nombre 1861-1946
9 (RLIN) 60136
245 14 - MENCIÓN DEL TÍTULO
Título Les jeux des animaux /
Mención de responsabilidad, etc. par K. Groos,... ; traduit de l'allemand par A. Dirr et A. Van Gennep.
260 ## - PUBLICACIÓN, DISTRIBUCIÓN, ETC.
Lugar de publicación, distribución, etc. Paris :
Nombre del editor, distribuidor, etc. F. Alcan,
Fecha de publicación, distribución, etc. 1902 (
Lugar de fabricación/manufactura Versailles :
Fabricante Cerf)
300 ## - DESCRIPCIÓN FÍSICA
Extensión VIII, 375 p. ;
Dimensiones 23 cm.
490 1# - MENCIÓN DE SERIE
Mención de serie Bibliothèque de philosophie contemporaine
650 #4 - PUNTO DE ACCESO ADICIONAL DE MATERIA--TÉRMINO DE MATERIA
Término de materia o nombre geográfico como elemento de entrada Animales-
Subdivisión general Psicología.
9 (RLIN) 135571
700 1# - ENTRADA AGREGADA--NOMBRE PERSONAL
Nombre de persona Dirr, Adolph,
Fechas asociadas al nombre 1867-1930
9 (RLIN) 126806
700 1# - ENTRADA AGREGADA--NOMBRE PERSONAL
Nombre de persona Gennep, Arnold van,
Fechas asociadas al nombre 1873-1957
9 (RLIN) 56326
830 0# - PUNTO DE ACCESO ADICIONAL DE SERIE-TÍTULO UNIFORME
Título uniforme Bibliothèque de philosophie contemporaine
9 (RLIN) 181027
852 ## - LOCALIZACIÓN
Ubicación ES-MaACL
Número de control de estantería B-6566
Holdings
Estatus retirado Estado de pérdida Estado de daño No para préstamo Biblioteca de origen Biblioteca actual Ubicación en estantería Fecha de adquisición Fuente de adquisición Total de préstamos Signatura topográfica completa Código de barras Visto por última vez Precio de reemplazo Tipo de ítem Koha
        Biblioteca del Ateneo de Madrid Biblioteca del Ateneo de Madrid Sala Pardo Bazán 17/01/2008     B-6566 1079825 23/02/2023 23/02/2023 Libro impreso